| 000 | 00677nam a22002057a 4500 | ||
|---|---|---|---|
| 005 | 20251029113825.0 | ||
| 008 | 100611t xxu||||| |||| 00| 0 eng d | ||
| 020 | _a8188273090 | ||
| 050 |
_aBP172 _b.A83 2005 |
||
| 100 | _aʻAta ur-Rahim, Muhammad | ||
| 245 |
_aJesus : _ba prophet of Islam |
||
| 260 |
_aNew Delhi _bMillat Book Centre _cc2005 |
||
| 300 |
_a245 p. ; _c22 cm. |
||
| 500 | _aincludes bibliographical references | ||
| 650 | _aJesus Christ -- Islamic interpretations | ||
| 650 | _aIsmam -- Relations -- Christianity | ||
| 650 | _aChristianity and other religions -- Islam | ||
| 650 | _aChristianity -- Controversial literature | ||
| 942 |
_2lcc _cBK |
||
| 999 |
_c36873 _d36873 |
||